NBA Players from TCU - Statistics

General Stats
  • This quiz has been taken 22 times
    2 since last reset
  • The average score is 8 of 13
Answer Stats
Position Player Draft Year % Correct
SG Damion Baugh 2023
100%
G Desmond Bane 2020
100%
F Emanuel Miller 2024
100%
SF Kenrich Williams 2018
100%
FC Kurt Thomas 1995
100%
SG Micah Peavy 2025
100%
GF Goo Kennedy 1971
50%
F Lee Nailon 1999
50%
G RJ Nembhard 2021
50%
PG Scott Brooks 1987
50%
G Dennis Nutt 1985
0%
GF George McLeod 1952
0%
C Reggie Smith 1992
0%
No matching quizzes found
Score Distribution
Percent of People with Each Score
Percentile by Number Answered
Your Score History
You have not taken this quiz since the last reset